000 00888nam a2200205Ia 4500
001 10867
003 GE_BSU
008 181216s||||||||xx |||||||||||||| ||und||
040 _cGE_BSU
080 _a821.353.1–1
245 _aქართული პოეზია საუკუნეთა მიჯნაზე:XX-XXI საუკუნეები.
245 _cპროექტის ავტორი.ნაირა გელაშვილი;შემდგ.და რედ.შოთა იათაშვილი.
260 _aთბილისი.
260 _bკავკასიური სახლი.
260 _c2006.
300 _a255გვ;20სმ.
300 _eფოტოები.
653 _aქართული პოეზია საუკუნეთა მიჯნაზე:XX-XXI საუკუნეები.
942 _cBK
999 _c44109
_d44109